| 000 | 006000000a22001810004500 | ||
|---|---|---|---|
| 020 | _a958-97587-3-8 | ||
| 041 | 0 | _aSPA | |
| 082 | 0 | 4 | _aG 261.873 M2946c |
| 245 | 1 | 0 | _aConstruyendo la paz en ambientes eclesiales / Centro Cristiano para Justicia Paz y Acción Noviolenta-Justapaz ; Alba Luz Arrieta, Compilador, Editor |
| 260 | _aBogotá : Justapaz | ||
| 300 | _a320 Pág. | ||
| 440 | 0 | _aManuales de Capacitación en Construcción de la Paz No 3 | |
| 001 | 13969 | ||
| 942 | _cBK | ||
| 999 |
_c42898 _d42898 |
||
| 336 |
_atexto _btxt _2rdacontent |
||
| 337 |
_2rdamedia _asin mediación _bn |
||
| 338 |
_2rdacarrier _avolumen _bnc |
||